[Event "DVM U16 2021"]
[Site "Kiel GER"]
[Date "2022.07.25"]
[Round "5"]
[White "Trimpin, Fynn"]
[Black "Kern, Alexander"]
[Result "1-0"]
[Termination "normal"]
[Board "9.4"]
[WhiteElo "1437"]
[BlackElo "1418"]
[WhiteClock "00:19:47"]
[BlackClock "00:16:48"]
[WhiteTeam "SK Freiburg-Zähringen 1887 e.V."]
[BlackTeam "SK Frankenthal"]
[PlyCount "113"]
[WhiteFideId "16255500"]
[BlackFideId "16251334"]
[EventCountry "GER"]
[EventRounds "7"]
[EventType "team-swiss"]
[EventDate "2022.07.22"]

1. e4 {[%clk 01:30:56]} {[%emt 00:00:04]} c5 {[%clk 01:30:44]} {[%emt
00:00:16]} 2. d4 {[%clk 01:30:21]} {[%emt 00:01:05]} cxd4 {[%clk 01:31:04]}
{[%emt 00:00:10]} 3. c3 {[%clk 01:30:41]} {[%emt 00:00:10]} dxc3 {[%clk
01:30:58]} {[%emt 00:00:36]} 4. Nxc3 {[%clk 01:30:58]} {[%emt 00:00:14]} d6
{[%clk 01:29:53]} {[%emt 00:01:34]} 5. Nf3 {[%clk 01:22:53]} {[%emt 00:08:35]}
Bg4 {[%clk 01:23:16]} {[%emt 00:07:06]} 6. h3 {[%clk 01:17:10]} {[%emt
00:06:15]} Bh5 {[%clk 01:22:34]} {[%emt 00:01:10]} 7. g4 {[%clk 01:17:22]}
{[%emt 00:00:19]} Bg6 {[%clk 01:22:48]} {[%emt 00:00:15]} 8. Qb3 {[%clk
01:17:23]} {[%emt 00:00:29]} Qc8 {[%clk 01:17:20]} {[%emt 00:05:57]} 9. Bc4
{[%clk 01:13:24]} {[%emt 00:04:31]} Nd7 {[%clk 01:16:51]} {[%emt 00:00:59]} 10.
h4 {[%clk 01:08:43]} {[%emt 00:05:11]} h5 {[%clk 01:15:12]} {[%emt 00:02:08]}
11. Ng5 {[%clk 01:04:05]} {[%emt 00:05:09]} e6 {[%clk 01:09:21]} {[%emt
00:06:20]} 12. f4 {[%clk 00:56:31]} {[%emt 00:08:05]} Nc5 {[%clk 01:07:15]}
{[%emt 00:02:35]} 13. Qb5+ {[%clk 00:54:37]} {[%emt 00:02:24]} Qc6 {[%clk
01:06:36]} {[%emt 00:01:08]} 14. f5 {[%clk 00:53:24]} {[%emt 00:01:44]} Bh7
{[%clk 01:00:27]} {[%emt 00:06:39]} 15. fxe6 {[%clk 00:48:12]} {[%emt
00:05:43]} fxe6 {[%clk 01:00:21]} {[%emt 00:00:36]} 16. Nxe6 {[%clk 00:46:14]}
{[%emt 00:02:28]} Nxe6 {[%clk 01:00:21]} {[%emt 00:00:29]} 17. Bxe6 {[%clk
00:45:15]} {[%emt 00:01:29]} Bxe4 {[%clk 00:59:38]} {[%emt 00:01:13]} 18. Qxc6+
{[%clk 00:43:32]} {[%emt 00:02:13]} Bxc6 {[%clk 00:59:48]} {[%emt 00:00:20]}
19. Rf1 {[%clk 00:43:32]} {[%emt 00:00:30]} hxg4 {[%clk 00:55:03]} {[%emt
00:05:16]} 20. Bg5 {[%clk 00:34:04]} {[%emt 00:09:58]} Be7 {[%clk 00:49:16]}
{[%emt 00:06:16]} 21. Bxg4 {[%clk 00:30:30]} {[%emt 00:04:05]} Bxg5 {[%clk
00:48:02]} {[%emt 00:01:44]} 22. hxg5 {[%clk 00:29:25]} {[%emt 00:01:35]} Rh4
{[%clk 00:42:28]} {[%emt 00:06:03]} 23. Be6 {[%clk 00:27:01]} {[%emt 00:02:54]}
Ke7 {[%clk 00:37:54]} {[%emt 00:05:04]} 24. O-O-O {[%clk 00:22:48]} {[%emt
00:04:44]} Rf8 {[%clk 00:24:29]} {[%emt 00:13:53]} 25. Rxf8 {[%clk 00:16:47]}
{[%emt 00:06:32]} Kxf8 {[%clk 00:24:48]} {[%emt 00:00:11]} 26. Rf1+ {[%clk
00:17:05]} {[%emt 00:00:12]} Nf6 {[%clk 00:22:29]} {[%emt 00:02:48]} 27. gxf6
{[%clk 00:15:59]} {[%emt 00:01:37]} gxf6 {[%clk 00:22:44]} {[%emt 00:00:15]}
28. Bb3 {[%clk 00:15:21]} {[%emt 00:01:08]} Kg7 {[%clk 00:22:08]} {[%emt
00:01:06]} 29. Rg1+ {[%clk 00:14:11]} {[%emt 00:01:41]} Kh6 {[%clk 00:22:01]}
{[%emt 00:00:37]} 30. Bc2 {[%clk 00:12:36]} {[%emt 00:02:05]} Kh5 {[%clk
00:20:09]} {[%emt 00:02:22]} 31. Ne2 {[%clk 00:11:08]} {[%emt 00:01:58]} Rg4
{[%clk 00:14:56]} {[%emt 00:05:42]} 32. Ng3+ {[%clk 00:09:01]} {[%emt
00:02:38]} Kg5 {[%clk 00:13:47]} {[%emt 00:01:38]} 33. Ne4+ {[%clk 00:09:10]}
{[%emt 00:00:21]} Bxe4 {[%clk 00:13:22]} {[%emt 00:00:55]} 34. Rxg4+ {[%clk
00:09:32]} {[%emt 00:00:09]} Kxg4 {[%clk 00:13:44]} {[%emt 00:00:07]} 35. Bxe4
{[%clk 00:09:58]} {[%emt 00:00:04]} b6 {[%clk 00:13:53]} {[%emt 00:00:21]} 36.
Kd2 {[%clk 00:10:04]} {[%emt 00:00:25]} Kf4 {[%clk 00:12:23]} {[%emt 00:01:59]}
37. Kd3 {[%clk 00:09:18]} {[%emt 00:01:17]} f5 {[%clk 00:08:14]} {[%emt
00:04:37]} 38. Bc6 {[%clk 00:07:05]} {[%emt 00:02:44]} Ke5 {[%clk 00:07:07]}
{[%emt 00:01:37]} 39. Kc4 {[%clk 00:06:37]} {[%emt 00:00:58]} f4 {[%clk
00:05:16]} {[%emt 00:02:21]} 40. b3 {[%clk 00:05:13]} {[%emt 00:01:55]} b5+
{[%clk 00:00:55]} {[%emt 00:04:50]} 41. Bxb5 {[%clk 00:02:19]} {[%emt
00:03:24]} d5+ {[%clk 00:23:58]} {[%emt 00:07:26]} 42. Kd3 {[%clk 00:32:20]}
{[%emt 00:00:30]} f3 {[%clk 00:23:27]} {[%emt 00:01:01]} 43. Ke3 {[%clk
00:32:05]} {[%emt 00:00:46]} f2 {[%clk 00:23:40]} {[%emt 00:00:16]} 44. Kd2
{[%clk 00:24:41]} {[%emt 00:07:54]} Kd4 {[%clk 00:22:15]} {[%emt 00:01:55]} 45.
Bf1 {[%clk 00:23:25]} {[%emt 00:01:47]} Kc5 {[%clk 00:21:25]} {[%emt 00:01:19]}
46. a3 {[%clk 00:20:17]} {[%emt 00:03:38]} a5 {[%clk 00:20:06]} {[%emt
00:01:48]} 47. Kd3 {[%clk 00:20:13]} {[%emt 00:00:35]} Kc6 {[%clk 00:18:26]}
{[%emt 00:02:10]} 48. Kd4 {[%clk 00:20:14]} {[%emt 00:00:29]} Kd6 {[%clk
00:18:32]} {[%emt 00:00:23]} 49. b4 {[%clk 00:19:14]} {[%emt 00:01:31]} axb4
{[%clk 00:18:10]} {[%emt 00:00:52]} 50. axb4 {[%emt 00:00:11]} Kc6 {[%clk
00:18:25]} {[%emt 00:00:12]} 51. Ke5 {[%clk 00:19:43]} {[%emt 00:00:23]} d4
{[%clk 00:17:15]} {[%emt 00:01:39]} 52. Kxd4 {[%clk 00:19:58]} {[%emt
00:00:16]} Kb6 {[%clk 00:16:39]} {[%emt 00:01:06]} 53. Kd5 {[%clk 00:20:07]}
{[%emt 00:00:21]} Kb7 {[%clk 00:16:44]} {[%emt 00:00:24]} 54. Kc5 {[%clk
00:20:19]} {[%emt 00:00:19]} Kc7 {[%clk 00:16:51]} {[%emt 00:00:22]} 55. Kb5
{[%clk 00:20:26]} {[%emt 00:00:24]} Kb7 {[%clk 00:16:40]} {[%emt 00:00:41]} 56.
Bg2+ {[%clk 00:19:47]} {[%emt 00:01:09]} Kb8 {[%clk 00:16:48]} {[%emt
00:00:21]} 57. Ka6 {[%clk 00:19:47]} {[%emt 00:00:31]} 1-0

[Event "DVM U16 2021"]
[Site "Kiel GER"]
[Date "2022.07.25"]
[Round "5"]
[White "Fedgenhäuer, Paul"]
[Black "Hahn, Peter"]
[Result "1/2-1/2"]
[Termination "normal"]
[Board "10.1"]
[WhiteElo "1354"]
[BlackElo "1670"]
[WhiteClock "00:21:06"]
[BlackClock "00:46:39"]
[WhiteTeam "SV Grün-Weiß Niederwiesa"]
[BlackTeam "SK Kelheim 1920"]
[PlyCount "88"]
[WhiteFideId "34628347"]
[BlackFideId "34627316"]
[EventCountry "GER"]
[EventRounds "7"]
[EventType "team-swiss"]
[EventDate "2022.07.22"]

1. e4 {[%clk 01:30:57]} {[%emt 00:00:02]} c6 {[%clk 01:30:57]} {[%emt
00:00:04]} 2. Nf3 {[%clk 01:30:49]} {[%emt 00:00:38]} d5 {[%clk 01:31:21]}
{[%emt 00:00:06]} 3. exd5 {[%clk 01:30:53]} {[%emt 00:00:26]} cxd5 {[%clk
01:31:44]} {[%emt 00:00:07]} 4. d4 {[%clk 01:30:30]} {[%emt 00:00:52]} Nf6
{[%clk 01:31:34]} {[%emt 00:00:41]} 5. Bf4 {[%clk 01:28:29]} {[%emt 00:02:30]}
Bg4 {[%clk 01:31:27]} {[%emt 00:00:38]} 6. Be2 {[%clk 01:26:41]} {[%emt
00:02:18]} e6 {[%clk 01:31:33]} {[%emt 00:00:24]} 7. Ne5 {[%clk 01:21:49]}
{[%emt 00:05:21]} Bxe2 {[%clk 01:31:30]} {[%emt 00:00:34]} 8. Qxe2 {[%clk
01:22:08]} {[%emt 00:00:10]} Be7 {[%clk 01:31:22]} {[%emt 00:00:39]} 9. O-O
{[%clk 01:20:09]} {[%emt 00:02:29]} O-O {[%clk 01:31:45]} {[%emt 00:00:06]} 10.
Nd2 {[%clk 01:19:22]} {[%emt 00:01:17]} Nc6 {[%clk 01:30:47]} {[%emt 00:01:29]}
11. Ndf3 {[%clk 01:15:58]} {[%emt 00:03:53]} a6 {[%clk 01:22:39]} {[%emt
00:08:39]} 12. Rfd1 {[%clk 01:11:50]} {[%emt 00:04:37]} Qb6 {[%clk 01:19:49]}
{[%emt 00:03:20]} 13. b3 {[%clk 01:05:22]} {[%emt 00:06:59]} Nxe5 {[%clk
01:17:37]} {[%emt 00:02:42]} 14. Bxe5 {[%clk 01:03:13]} {[%emt 00:02:38]} Qb5
{[%clk 01:09:01]} {[%emt 00:09:06]} 15. c4 {[%clk 00:58:07]} {[%emt 00:05:36]}
Qa5 {[%clk 01:08:16]} {[%emt 00:01:16]} 16. Qc2 {[%clk 00:50:53]} {[%emt
00:07:41]} h6 {[%clk 01:05:17]} {[%emt 00:03:32]} 17. Rd3 {[%clk 00:45:22]}
{[%emt 00:06:00]} dxc4 {[%clk 01:03:18]} {[%emt 00:02:30]} 18. bxc4 {[%clk
00:44:33]} {[%emt 00:01:19]} Rac8 {[%clk 01:01:41]} {[%emt 00:02:07]} 19. Qb3
{[%clk 00:43:14]} {[%emt 00:01:49]} b5 {[%clk 01:00:28]} {[%emt 00:01:43]} 20.
c5 {[%clk 00:40:21]} {[%emt 00:03:22]} Nd5 {[%clk 01:00:22]} {[%emt 00:00:37]}
21. Ne1 {[%clk 00:35:51]} {[%emt 00:04:59]} Bf6 {[%clk 01:00:22]} {[%emt
00:00:30]} 22. Bxf6 {[%clk 00:33:52]} {[%emt 00:02:29]} Nxf6 {[%clk 01:00:44]}
{[%emt 00:00:08]} 23. Nc2 {[%clk 00:32:46]} {[%emt 00:01:35]} Rfd8 {[%clk
01:00:22]} {[%emt 00:00:53]} 24. Ne3 {[%clk 00:32:07]} {[%emt 00:01:07]} Qc7
{[%clk 00:55:22]} {[%emt 00:05:32]} 25. Rc1 {[%clk 00:30:13]} {[%emt 00:02:23]}
Qf4 {[%clk 00:52:54]} {[%emt 00:02:59]} 26. g3 {[%clk 00:28:21]} {[%emt
00:02:22]} Qe4 {[%clk 00:52:18]} {[%emt 00:01:06]} 27. Rcd1 {[%clk 00:26:39]}
{[%emt 00:02:12]} Nd5 {[%clk 00:49:17]} {[%emt 00:03:32]} 28. Nxd5 {[%clk
00:25:54]} {[%emt 00:01:14]} Qxd5 {[%clk 00:49:42]} {[%emt 00:00:05]} 29. Qxd5
{[%clk 00:25:58]} {[%emt 00:00:25]} Rxd5 {[%emt 00:00:37]} 30. f4 {[%clk
00:26:00]} g5 {[%clk 00:50:02]} {[%emt 00:00:33]} 31. Kf2 {[%clk 00:26:14]}
{[%emt 00:00:15]} gxf4 {[%clk 00:50:00]} {[%emt 00:00:33]} 32. gxf4 {[%clk
00:26:38]} {[%emt 00:00:05]} Kg7 {[%clk 00:50:06]} {[%emt 00:00:24]} 33. Ke3
{[%clk 00:27:01]} {[%emt 00:00:07]} Kf6 {[%clk 00:49:40]} {[%emt 00:00:57]} 34.
Ke4 {[%clk 00:27:14]} {[%emt 00:00:16]} Rh5 {[%clk 00:49:45]} {[%emt 00:00:26]}
35. d5 {[%clk 00:25:57]} {[%emt 00:01:47]} exd5+ {[%clk 00:49:46]} {[%emt
00:00:28]} 36. Rxd5 {[%clk 00:26:20]} {[%emt 00:00:07]} Rxh2 {[%clk 00:49:34]}
{[%emt 00:00:42]} 37. Rd6+ {[%clk 00:25:45]} {[%emt 00:01:05]} Ke7 {[%clk
00:49:18]} {[%emt 00:00:47]} 38. c6 {[%clk 00:25:38]} {[%emt 00:00:36]} Re2+
{[%clk 00:47:09]} {[%emt 00:02:40]} 39. Kf5 {[%clk 00:24:18]} {[%emt 00:01:49]}
Rc2 {[%clk 00:47:23]} {[%emt 00:00:16]} 40. Rd7+ {[%clk 00:23:56]} {[%emt
00:00:51]} Kf8 {[%clk 00:45:20]} {[%emt 00:02:35]} 41. Rd8+ {[%clk 00:20:29]}
{[%emt 00:03:56]} Rxd8 {[%clk 00:45:42]} {[%emt 00:00:08]} 42. Rxd8+ {[%clk
00:20:54]} {[%emt 00:00:05]} Ke7 {[%clk 00:46:07]} {[%emt 00:00:05]} 43. Rd7+
{[%clk 00:21:02]} {[%emt 00:00:22]} Ke8 {[%clk 00:46:30]} {[%emt 00:00:08]} 44.
Rd6 {[%clk 00:21:06]} {[%emt 00:00:26]} Ke7 {[%clk 00:46:39]} {[%emt 00:00:20]}
1/2-1/2

[Event "DVM U16 2021"]
[Site "Kiel GER"]
[Date "2022.07.25"]
[Round "5"]
[White "Gold, Michael"]
[Black "Müller, Yannik"]
[Result "1-0"]
[Termination "normal"]
[Board "10.2"]
[WhiteElo "1383"]
[BlackElo "1323"]
[WhiteClock "00:58:27"]
[BlackClock "00:12:27"]
[WhiteTeam "SK Kelheim 1920"]
[BlackTeam "SV Grün-Weiß Niederwiesa"]
[PlyCount "71"]
[WhiteFideId "34605169"]
[BlackFideId "16294750"]
[EventCountry "GER"]
[EventRounds "7"]
[EventType "team-swiss"]
[EventDate "2022.07.22"]

1. c4 {[%clk 01:30:59]} e5 {[%clk 01:30:54]} {[%emt 00:00:06]} 2. g3 {[%clk
01:31:26]} {[%emt 00:00:03]} Nc6 {[%clk 01:31:14]} {[%emt 00:00:10]} 3. Bg2
{[%clk 01:31:52]} {[%emt 00:00:04]} Bc5 {[%clk 01:31:14]} {[%emt 00:00:30]} 4.
Nc3 {[%clk 01:32:12]} {[%emt 00:00:09]} d6 {[%clk 01:31:00]} {[%emt 00:00:44]}
5. e3 {[%clk 01:32:36]} {[%emt 00:00:06]} Be6 {[%clk 01:25:47]} {[%emt
00:05:44]} 6. b3 {[%clk 01:32:59]} {[%emt 00:00:07]} Qd7 {[%clk 01:26:08]}
{[%emt 00:00:09]} 7. h3 {[%clk 01:30:40]} {[%emt 00:02:48]} O-O-O {[%clk
01:24:10]} {[%emt 00:02:29]} 8. Nge2 {[%clk 01:30:42]} {[%emt 00:00:27]} Bb4
{[%clk 01:20:04]} {[%emt 00:04:37]} 9. a3 {[%clk 01:30:27]} {[%emt 00:00:45]}
Bxc3 {[%clk 01:18:15]} {[%emt 00:02:19]} 10. Nxc3 {[%clk 01:30:52]} {[%emt
00:00:04]} Nf6 {[%clk 01:10:24]} {[%emt 00:08:22]} 11. d4 {[%clk 01:24:02]}
{[%emt 00:07:20]} exd4 {[%clk 01:04:59]} {[%emt 00:05:55]} 12. exd4 {[%clk
01:24:26]} {[%emt 00:00:06]} d5 {[%clk 00:59:13]} {[%emt 00:06:16]} 13. c5
{[%clk 01:24:26]} {[%emt 00:00:29]} Rde8 {[%clk 00:56:23]} {[%emt 00:03:20]}
14. Be3 {[%clk 01:24:37]} {[%emt 00:00:19]} h5 {[%clk 00:47:46]} {[%emt
00:09:08]} 15. a4 {[%clk 01:22:27]} {[%emt 00:02:40]} Ng8 {[%clk 00:40:46]}
{[%emt 00:07:29]} 16. a5 {[%clk 01:20:39]} {[%emt 00:02:18]} a6 {[%clk
00:40:03]} {[%emt 00:01:14]} 17. Na4 {[%clk 01:18:56]} {[%emt 00:02:12]} f5
{[%clk 00:36:40]} {[%emt 00:03:53]} 18. Qd2 {[%clk 01:16:16]} {[%emt 00:03:10]}
h4 {[%clk 00:34:05]} {[%emt 00:03:05]} 19. Bf4 {[%clk 01:15:26]} {[%emt
00:01:21]} Nf6 {[%clk 00:32:56]} {[%emt 00:01:38]} 20. b4 {[%clk 01:13:26]}
{[%emt 00:02:31]} Ne4 {[%clk 00:32:30]} {[%emt 00:00:55]} 21. Qb2 {[%clk
01:13:35]} {[%emt 00:00:21]} g5 {[%clk 00:31:54]} {[%emt 00:01:06]} 22. b5
{[%clk 01:09:06]} {[%emt 00:05:00]} Nxa5 {[%clk 00:29:31]} {[%emt 00:02:52]}
23. bxa6 {[%clk 01:03:58]} {[%emt 00:05:38]} gxf4 {[%clk 00:25:50]} {[%emt
00:04:11]} 24. a7 {[%clk 01:04:09]} {[%emt 00:00:19]} Kd8 {[%clk 00:22:31]}
{[%emt 00:03:49]} 25. a8=Q+ {[%clk 01:04:34]} {[%emt 00:00:06]} Ke7 {[%clk
00:22:49]} {[%emt 00:00:11]} 26. Qxa5 {[%clk 01:04:59]} {[%emt 00:00:05]} fxg3
{[%clk 00:21:57]} {[%emt 00:01:22]} 27. Bxe4 {[%clk 01:04:57]} {[%emt
00:00:31]} fxe4 {[%clk 00:21:31]} {[%emt 00:00:57]} 28. fxg3 {[%clk 01:05:18]}
{[%emt 00:00:10]} hxg3 {[%clk 00:21:22]} {[%emt 00:00:38]} 29. Qad2 {[%clk
01:03:06]} {[%emt 00:02:42]} Reg8 {[%clk 00:20:01]} {[%emt 00:01:51]} 30. Qxb7
{[%clk 01:01:49]} {[%emt 00:01:46]} Bxh3 {[%clk 00:17:24]} {[%emt 00:03:07]}
31. Qf4 {[%clk 01:00:13]} {[%emt 00:02:05]} g2 {[%clk 00:16:25]} {[%emt
00:01:30]} 32. Rg1 {[%clk 00:59:50]} {[%emt 00:00:54]} Rf8 {[%clk 00:14:36]}
{[%emt 00:02:17]} 33. Qe5+ {[%clk 00:58:55]} {[%emt 00:01:26]} Kf7 {[%clk
00:13:45]} {[%emt 00:01:22]} 34. c6 {[%clk 00:58:10]} {[%emt 00:01:15]} Qe6
{[%clk 00:12:55]} {[%emt 00:01:19]} 35. Qbxc7+ {[%clk 00:58:27]} {[%emt
00:00:13]} Ke8 {[%clk 00:12:27]} {[%emt 00:00:58]} 36. Qd7# {[%emt 00:01:04]}
1-0

[Event "DVM U16 2021"]
[Site "Kiel GER"]
[Date "2022.07.25"]
[Round "5"]
[White "Leuthier, Richard"]
[Black "Weinberger, Maxim"]
[Result "0-1"]
[Termination "normal"]
[Board "10.3"]
[WhiteElo "1145"]
[BlackElo "1153"]
[WhiteClock "00:40:31"]
[BlackClock "00:46:40"]
[WhiteTeam "SV Grün-Weiß Niederwiesa"]
[BlackTeam "SK Kelheim 1920"]
[PlyCount "66"]
[WhiteFideId "34628363"]
[BlackFideId "16290330"]
[EventCountry "GER"]
[EventRounds "7"]
[EventType "team-swiss"]
[EventDate "2022.07.22"]

1. d4 {[%clk 01:30:57]} {[%emt 00:00:02]} d5 {[%clk 01:30:57]} {[%emt
00:00:04]} 2. Nf3 {[%clk 01:31:13]} {[%emt 00:00:13]} Nf6 {[%clk 01:31:17]}
{[%emt 00:00:10]} 3. e3 {[%clk 01:31:31]} {[%emt 00:00:13]} Nbd7 {[%clk
01:31:03]} {[%emt 00:00:43]} 4. Bd3 {[%clk 01:31:07]} {[%emt 00:00:54]} e6
{[%clk 01:31:03]} {[%emt 00:00:30]} 5. Nbd2 {[%clk 01:29:47]} {[%emt 00:01:51]}
c5 {[%clk 01:29:46]} {[%emt 00:01:46]} 6. c3 {[%clk 01:29:56]} {[%emt
00:00:20]} b6 {[%clk 01:27:24]} {[%emt 00:02:53]} 7. O-O {[%clk 01:28:23]}
{[%emt 00:02:03]} Bb7 {[%clk 01:23:31]} {[%emt 00:04:23]} 8. Re1 {[%clk
01:25:50]} {[%emt 00:03:02]} Bd6 {[%clk 01:21:03]} {[%emt 00:02:59]} 9. e4
{[%clk 01:21:40]} {[%emt 00:04:39]} dxe4 {[%clk 01:21:06]} {[%emt 00:00:27]}
10. Nxe4 {[%clk 01:21:44]} {[%emt 00:00:27]} Nxe4 {[%clk 01:21:23]} {[%emt
00:00:13]} 11. Bxe4 {[%clk 01:21:51]} {[%emt 00:00:23]} Bxe4 {[%clk 01:21:48]}
{[%emt 00:00:05]} 12. Rxe4 {[%clk 01:22:06]} {[%emt 00:00:15]} Nf6 {[%clk
01:22:11]} {[%emt 00:00:07]} 13. Bg5 {[%clk 01:18:25]} {[%emt 00:04:11]} h6
{[%clk 01:18:43]} {[%emt 00:03:57]} 14. Bxf6 {[%clk 01:18:19]} {[%emt
00:00:36]} Qxf6 {[%clk 01:18:53]} {[%emt 00:00:21]} 15. d5 {[%clk 01:14:46]}
{[%emt 00:04:03]} Rd8 {[%clk 01:13:00]} {[%emt 00:06:23]} 16. Qa4+ {[%clk
01:09:41]} {[%emt 00:05:35]} Rd7 {[%clk 01:11:53]} {[%emt 00:01:37]} 17. Rd1
{[%clk 01:08:51]} {[%emt 00:01:20]} Qe7 {[%clk 01:08:44]} {[%emt 00:03:39]} 18.
dxe6 {[%clk 01:02:49]} {[%emt 00:06:32]} fxe6 {[%clk 01:07:13]} {[%emt
00:02:01]} 19. Rde1 {[%clk 01:01:25]} {[%emt 00:01:53]} O-O {[%clk 01:05:02]}
{[%emt 00:02:42]} 20. Rxe6 {[%clk 00:59:55]} {[%emt 00:01:59]} Qf7 {[%clk
01:03:40]} {[%emt 00:01:53]} 21. Qb3 {[%clk 00:54:56]} {[%emt 00:05:28]} Kh8
{[%clk 01:01:36]} {[%emt 00:02:34]} 22. R6e2 {[%clk 00:48:54]} {[%emt
00:06:33]} c4 {[%clk 00:58:07]} {[%emt 00:03:59]} 23. Qb5 {[%clk 00:47:24]}
{[%emt 00:02:00]} Re7 {[%clk 00:56:35]} {[%emt 00:02:02]} 24. Rxe7 {[%clk
00:45:47]} {[%emt 00:02:07]} Bxe7 {[%clk 00:56:49]} {[%emt 00:00:16]} 25. Qd7
{[%clk 00:45:17]} {[%emt 00:00:59]} Bc5 {[%clk 00:48:34]} {[%emt 00:08:46]} 26.
Qxf7 {[%clk 00:45:11]} {[%emt 00:00:35]} Rxf7 {[%clk 00:48:52]} {[%emt
00:00:12]} 27. Re8+ {[%clk 00:45:00]} {[%emt 00:00:41]} Kh7 {[%clk 00:49:13]}
{[%emt 00:00:09]} 28. Re4 {[%clk 00:44:40]} {[%emt 00:00:50]} b5 {[%clk
00:46:58]} {[%emt 00:02:46]} 29. Ne5 {[%clk 00:43:10]} {[%emt 00:01:59]} Rxf2
{[%clk 00:46:32]} {[%emt 00:00:56]} 30. Re1 {[%clk 00:41:54]} {[%emt 00:01:46]}
Rxb2+ {[%clk 00:46:17]} {[%emt 00:00:45]} 31. Kh1 {[%clk 00:41:42]} {[%emt
00:00:42]} Rxa2 {[%clk 00:46:36]} {[%emt 00:00:11]} 32. Rb1 {[%clk 00:40:45]}
{[%emt 00:01:27]} Rc2 {[%clk 00:46:19]} {[%emt 00:00:47]} 33. Rxb5 {[%clk
00:40:31]} {[%emt 00:00:43]} Rc1# {[%clk 00:46:40]} {[%emt 00:00:10]} 0-1

[Event "DVM U16 2021"]
[Site "Kiel GER"]
[Date "2022.07.25"]
[Round "5"]
[White "Bangsa, Pandu"]
[Black "Haubold, Henry"]
[Result "1-0"]
[Termination "normal"]
[Board "10.4"]
[WhiteElo "1457"]
[BlackElo "963"]
[WhiteTeam "SK Kelheim 1920"]
[BlackTeam "SV Grün-Weiß Niederwiesa"]
[WhiteFideId "16297873"]
[BlackFideId "34628355"]
[EventCountry "GER"]
[EventRounds "7"]
[EventType "team-swiss"]
[EventDate "2022.07.22"]

1. e4 c5 2. Nf3 Nc6 3. d4 cxd4 4. Nxd4 Nxd4 5. Qxd4 d6 6. Nc3 Nf6 7. Bg5 e5 8.
Qa4+ Bd7 9. Bb5 Be7 10. O-O-O a6 11. Bxf6 axb5 12. Bxe7 Kxe7 13. Qb4 Ra6 14.
Nxb5 Bxb5 15. Qxb5 Qc7 16. Rd3 Rc8 17. Rc3 Rc6 18. Rxc6 Qxc6 19. Qxc6 Rxc6 20.
Kd2 Ke6 21. Ra1 Rc4 22. Kd3 Rd4+ 23. Ke3 d5 24. exd5+ Kxd5 25. f3 f5 26. b3 f4+
27. Ke2 e4 28. Rd1 e3 29. c3 Rxd1 30. Kxd1 g5 31. g3 h6 32. Ke2 Ke5 33. g4 Kd5
34. Kd3 Ke5 35. c4 b6 36. b4 Kd6 37. a3 Kc6 38. a4 Kd6 39. Ke2 Kc6 40. Kd3 Kd6
41. Kc2 Kc6 42. Kc3 Kd6 43. Kd3 Kc6 44. a5 bxa5 45. bxa5 Kc5 46. Kc3 Kc6 47. h3
Kc5 48. Kd3 Kc6 49. Kc3 Kc5 50. Kd3 Kc6 51. Kc3 Kb7 52. c5 Kc7 53. Kd3 Kb7 54.
Kc3 Kc7 55. Kd3 Kb7 56. Kc3 Ka7 57. c6 Ka6 58. Kd3 Ka7 59. Kc3 Kb8 60. a6 Kc7
61. a7 e2 62. Kd2 Kxc6 63. a8=Q+ Kc5 64. Kxe2 Kc4 65. Qc6+ Kd4 66. Qe4+ Kc5 67.
Kd3 Kb5 68. Kc3 Ka5 69. Qb7 Ka4 70. Qb4# 1-0